• 首页
  • 本馆介绍
  • 公告通知
  • 最新文献
  • 馆藏检索
  • 电子资源
  • 读者导购
  • 参考咨询
  • 我的图书馆
  • 登录
  • 详细信息显示
  • 放入我的书架
  • 预约/预借图书
  • 作者相关作品
  • 分类相关作品
  • 丛书相关作品
  • 出版社相关作品

书目信息

  • 表格格式
  • 工作单格式
  • 卡片格式
题名:
科学研究方法与学术论文写作
    
 
作者: 周新年 编著
分册:  
出版信息: 北京   科学出版社  2012
页数: 276页
开本: 26cm
丛书名:
单 册:
中图分类: G304 , H152.3
科图分类:
主题词: 科学研究--研究方法--高等教育--教材 , 科学技术--论文--写作--高等教育--教材 , 科学研究 , 科学技术 , 论文 , 写作
电子资源:
ISBN: 978-7-03-033822-8
000 01117nam0 2200313 450
001 519
005 20140909172411.67
010    @a978-7-03-033822-8@dCNY36.00
100    @a20120427d2012 em y0chiy50 ea
101 0  @achi
102    @aCN@b110000
105    @ay z 000yy
106    @ar
200 1  @a科学研究方法与学术论文写作@AKe Xue Yan Jiu Fang Fa Yu Xue Shu Lun Wen Xie Zuo@e理论·技巧·案例@ELi Lun· Ji Qiao· An Li@f周新年编著@FZhou Xin Nian Bian Zhu
210    @a北京@c科学出版社@d2012
215    @a276页@d26cm
300    @a普通高等教育“十二五”规划教材
330    @a本书共八章,阐述了科学与科学研究、科学研究与学术论文选题、科学研究的方法、信息检索与利用、学术论文特点与流程、学术论文的写作方法、毕业论文的答辩与评价、学术论文示例等。
606 0  @a科学研究@x研究方法@x高等教育@j教材
606 0  @a科学技术@x论文@x写作@x高等教育@j教材
606 0  @a科学研究
606 0  @a科学技术
606 0  @a论文
606 0  @a写作
690    @aG304@v5
690    @aH152.3@v5
701  0 @a周新年@AZhou Xin Nian@f(1951.2~)@4编著
801  0 @aCN@bTANGWEI@c20140603
905    @b0837985-87@dG304@e173@f3
    
    科学研究方法与学术论文写作:理论·技巧·案例/周新年编著.-北京:科学出版社,2012
    276页;26cm
    普通高等教育“十二五”规划教材
    
    ISBN 978-7-03-033822-8:CNY36.00
    本书共八章,阐述了科学与科学研究、科学研究与学术论文选题、科学研究的方法、信息检索与利用、学术论文特点与流程、学术论文的写作方法、毕业论文的答辩与评价、学术论文示例等。
●
相关链接 在E读中查询图书 在五车中查询图书 在当当中查询图书 在豆瓣中查询图书


正题名:科学研究方法与学术论文写作     索取号:G304/173         预约/预借

序号 登录号 条形码 馆藏地/架位号 状态 备注
1 0837985   208379850   第一样本阅览室/ [索取号:G304/173] 在馆    
2 0837986   208379869   密集书库-物理学院/ [索取号:G304/173] 在馆    
3 0837987   208379878   第四借阅区/ [索取号:G304/173] 在馆    
唐山师范学院图书馆 欢迎您!
大连网信软件有限公司© 版权所有